000
00293nam a2200121Ia 4500
008
190415s9999 xx 000 0 und d
082
_a
RE.0010
100
_a
Eswaraiah, G.
245
0
_a
Folklore of four nomadic communities in Andhra pradesh
260
_c
1992
300
_a
200
942
_c
BK
999
_c
14239
_d
14239